000 00764nam a2200205 a 4500
003 0
005 20250304083756.0
008 120723s19uu xx 00 eng d
050 _aPGS ML 3830.M87
_b.D541 2012
100 _aDias, Kimberly Ann S.
245 _aMusic preferences and reading habits of grade 6 SISC students /
_cKimberly Ann S. Dias.
260 _aLas PiƱas City, Philippines :
_bSouthville International School and Colleges,
_c2012.
300 _a32 pages :
_billustrations ;
_c28 cm.
504 _aIncludes bibliographical references.
650 _aMusic
_vPsychological aspects.
650 _aReading
_vPsychological aspects.
650 _aMusic and reading comprehension.
650 _aMusic and academic achievement.
942 _2lcc
_cPASS
999 _c98805
_d98805